header

Artisans of empire (Record no. 208902)

MARC details
000 -LEADER
fixed length control field 01345nam a2200325Ia 4500
100 1# - MAIN ENTRY--AUTHOR NAME
Personal name Faroqhi, Suraiya,
245 10 - TITLE STATEMENT
Title Artisans of empire
260 ## - PUBLICATION, DISTRIBUTION, ETC. (IMPRINT)
Place of publication London ;
-- New York :
Name of publisher I. B. Tauris,
Year of publication 2009.
300 ## - PHYSICAL DESCRIPTION
Number of Pages xxvii, 276 p. :
Other physical details ill., 1 map.
490 1# - SERIES STATEMENT
Series statement Library of Ottoman studies ;
650 #0 - SUBJECT ADDED ENTRY--TOPICAL TERM
Topical Term Material culture
Topical Term Artisans
856 40 - ELECTRONIC LOCATION AND ACCESS
Uniform Resource Identifier http://site.ebrary.com/lib/rucke/Doc?id=10359152

No items available.

© 2026 Rongo University
Contact us: librarian | system librarian | Rongo university